Highway capacity manual / (Record no. 522958)
[ view plain ]
| 000 -LEADER | |
|---|---|
| fixed length control field | 00361nam a2200145Ia 4500 |
| 005 - DATE AND TIME OF LATEST TRANSACTION | |
| control field | 20190129123309.0 |
| 008 - FIXED-LENGTH DATA ELEMENTS--GENERAL INFORMATION | |
| fixed length control field | 190125s9999 xx 000 0 und d |
| 040 ## - CATALOGING SOURCE | |
| Transcribing agency | DLC |
| 082 ## - DEWEY DECIMAL CLASSIFICATION NUMBER | |
| Classification number | 388.1 |
| Author Mark | HIG |
| 100 ## - MAIN ENTRY--PERSONAL NAME | |
| Personal name | NRC |
| 9 (RLIN) | 13257 |
| 245 ## - TITLE STATEMENT | |
| Title | Highway capacity manual / |
| 260 ## - PUBLICATION, DISTRIBUTION, ETC. | |
| Name of publisher, distributor, etc. | Highway Research Board |
| Place of publication, distribution, etc. | Washington |
| Date of publication, distribution, etc. | 1965 |
| 300 ## - PHYSICAL DESCRIPTION | |
| Extent | xx,411p. |
| 942 ## - ADDED ENTRY ELEMENTS (KOHA) | |
| Source of classification or shelving scheme | |
| Koha item type | Book |
| Withdrawn status | Lost status | Source of classification or shelving scheme | Damaged status | Not for loan | Permanent Location | Current Location | Date acquired | Total Checkouts | Full call number | Barcode | Date last seen | Date last checked out | Price effective from | Koha item type |
|---|---|---|---|---|---|---|---|---|---|---|---|---|---|---|
| Central Library (CL) | NUST Baluchistan Campus (NBC) | 01/29/2019 | 1 | 388.1 HIG | NIT-10214 | 05/20/2022 | 05/20/2022 | 01/29/2019 | Book |
